Statistiken für Top 15 der betroffenen Covid-19-Länder - 11. Juni

Klicken Sie hier um das Quiz zu spielen!

Allgemein

  • Dieses Quiz wurde 12 mal gespielt
  • Das Durchschnittsergebnis liegt bei 14 aus 26

Antwortstatistiken

Land% Korrekt
Deutschland
100%
Spanien
100%
Italien
90%
Russland
90%
Vereinigte Staaten
90%
Brasilien
80%
Frankreich
80%
Vereinigtes Königreich
80%
Indien
70%
Mexiko
70%
Schweden
70%
Iran
60%
Chile
50%
Chile
50%
Irland
50%
Peru
50%
Belgien
40%
Türkei
40%
Pakistan
30%
Weißrussland
30%
Bahrain
20%
Katar
20%
Kuwait
20%
Singapur
20%
Armenien
10%
Panama
0%

Verteilung der Resultate

Perzentil nach korrekt beantworteten Fragen

Anzahl Personen mit jedem Resultat

Ihre Resultats-Entwicklung

Sie haben dieses Quiz noch nicht gespielt